[Event "AUTO-ADV-4476"]
[Site "http://www.queenalice.com/game.php?id=1647137"]
[Date "2021.3.19"]
[Round "1"]
[White "legorille"]
[Black "thw"]
[Result "0-1"]
[WhiteElo "1813"]
[BlackElo "1821"]

1. d4 d5 2. Nc3 Bf5 3. Bf4 e6 4. a3 Bd6 5. Bxd6 Qxd6 6. e3 c5 7. Bb5+ Nd7 8. h3
c4 9. Nf3 Nf6 10. O-O O-O 11. Na4 a6 12. Bxd7 Nxd7 13. Nh4 b5 14. Nxf5 exf5 15.
Nc3 g6 16. Qf3 Nf6 17. Rac1 Ne4 18. Nxe4 fxe4 19. Qg4 f5 20. Qg5 Qf6 21. Qxf6
Rxf6 22. f4 exf3 23. Rxf3 Re8 24. h4 Kg7 25. Kf2 Re4 26. c3 Rxh4 27. Re1 Re4 28.
g3 h6 29. Rf4 Rfe6 30. Rxe4 fxe4 31. Kg2 Rf6 32. g4 Rf3 33. Rf1 Rxf1 34. Kxf1 h5
35. gxh5 gxh5 36. Kg2 Kg6 37. Kg3 Kg5 38. Kh3 h4 39. Kg2 Kg4 40. Kf2 h3 0-1

[Event "AUTO-ADV-4476"]
[Site "http://www.queenalice.com/game.php?id=1647138"]
[Date "2021.3.19"]
[Round "1"]
[White "thw"]
[Black "legorille"]
[Result "1-0"]
[WhiteElo "1794"]
[BlackElo "1815"]

1. e4 e5 2. Nf3 Nc6 3. Bb5 Nd4 4. Be2 Nxf3+ 5. Bxf3 Nf6 6. d4 exd4 7. Qxd4 d6 8.
O-O Be7 9. Bg5 O-O 10. Nc3 Be6 11. e5 h6 12. exf6 hxg5 13. fxe7 Qxe7 14. Bxb7
Rab8 15. Bd5 Rxb2 16. Ne4 Rxc2 17. Bxe6 Qxe6 18. Nxg5 Qg6 19. Nf3 a5 20. Rfe1 c5
21. Qd5 Rb8 22. Rab1 Rcb2 23. Rxb2 Rxb2 24. g3 Qc2 25. Re8+ 1-0

[Event "AUTO-ADV-4476"]
[Site "http://www.queenalice.com/game.php?id=1647153"]
[Date "2021.3.19"]
[Round "1"]
[White "thw"]
[Black "maurice91"]
[Result "0-1"]
[WhiteElo "1793"]
[BlackElo "1905"]

1. e4 c6 2. d4 d5 3. Nc3 dxe4 4. Nxe4 Nd7 5. Nf3 e6 6. Bf4 Be7 7. Bd3 Ngf6 8.
O-O O-O 9. c3 Nxe4 10. Bxe4 Nf6 11. Qc2 Nxe4 12. Qxe4 Qb6 13. b3 Bf6 14. Be5 Qd8
15. h3 Bd7 16. Bxf6 Qxf6 17. Qe5 Rfd8 18. Qxf6 gxf6 19. Rae1 Kh8 20. Re2 Rg8 21.
Nd2 e5 22. dxe5 Bxh3 23. exf6 Rxg2+ 24. Kh1 Rg6 25. Rfe1 Rag8 26. Re8 Be6 27.
Re7 Rh6# 0-1

[Event "AUTO-ADV-4476"]
[Site "http://www.queenalice.com/game.php?id=1647154"]
[Date "2021.3.19"]
[Round "1"]
[White "maurice91"]
[Black "thw"]
[Result "1-0"]
[WhiteElo "1893"]
[BlackElo "1805"]

1. d4 d5 2. Nf3 Nf6 3. g3 Bf5 4. Bg2 e6 5. c3 c5 6. Bg5 Be7 7. e3 O-O 8. O-O h6
9. Bxf6 Bxf6 10. Nbd2 c4 11. a4 a6 12. b3 cxb3 13. Nxb3 Nd7 14. Rc1 Rc8 15. Nbd2
Qa5 16. Qb3 b5 17. axb5 axb5 18. Ra1 Qb6 19. Rfc1 Bd3 20. Bf1 Bc4 21. Nxc4 bxc4
22. Qxb6 Nxb6 23. Bg2 Ra8 24. Rcb1 Rfb8 25. Rxa8 1-0

[Event "AUTO-ADV-4476"]
[Site "http://www.queenalice.com/game.php?id=1647155"]
[Date "2021.3.19"]
[Round "1"]
[White "thw"]
[Black "Nigel68"]
[Result "0-1"]
[WhiteElo "1796"]
[BlackElo "1758"]

1. e4 e5 2. Nf3 Nf6 3. Nxe5 Qe7 4. Nf3 Qxe4+ 5. Qe2 Qe7 6. Nc3 d5 7. d4 Be6 8.
Bg5 a6 9. O-O-O Nc6 10. Ne5 Qd8 11. h3 h6 12. Bxf6 Qxf6 13. Nxc6 bxc6 14. Qe5
Bd6 15. Qxf6 gxf6 16. Bd3 c5 17. dxc5 Bxc5 18. f3 d4 19. Ne4 Be7 20. Rhe1 Bxa2
21. Nxf6+ Kd8 22. Ne4 Bd5 23. Re2 a5 24. Rde1 Be6 25. Nd2 Bh4 26. Rf1 Rg8 27. g4
Bg3 28. Ne4 Bf4+ 29. Kb1 Rg7 30. Nc5 Bd5 31. Rfe1 Rg8 32. Re7 Bd6 0-1

[Event "AUTO-ADV-4476"]
[Site "http://www.queenalice.com/game.php?id=1647156"]
[Date "2021.3.19"]
[Round "1"]
[White "Nigel68"]
[Black "thw"]
[Result "0-1"]
[WhiteElo "1764"]
[BlackElo "1807"]

1. e4 c5 2. d3 d5 3. exd5 Qxd5 4. Be3 b6 5. Nf3 Bg4 6. Be2 Nc6 7. c4 Qd6 8. Nc3
e5 9. Ne4 Qe6 10. Qa4 Bxf3 11. Bxf3 Ne7 12. O-O g6 13. a3 Bg7 14. Ng5 Qd6 15.
Rad1 O-O 16. b4 cxb4 17. Bc1 a5 18. Bb2 Rac8 19. Ne4 Qe6 20. Qb5 Nd4 21. Bxd4
exd4 22. axb4 axb4 23. Qxb4 Rb8 24. Rfe1 Qd7 25. Rb1 Nc6 26. Qd2 Ne5 27. Bd1 b5
28. Bb3 bxc4 29. dxc4 Qg4 30. Ng5 h6 31. h3 Qxg5 32. Qe2 Rfe8 33. g3 d3 34. Qe4
d2 35. Re3 Qh5 36. g4 Qg5 37. f4 Rxb3 38. Rexb3 Qd8 39. Qd5 Nxc4 40. Qxd8 Rxd8
41. Rd1 Nb2 0-1

[Event "AUTO-ADV-4483"]
[Site "http://www.queenalice.com/game.php?id=1649150"]
[Date "2021.4.9"]
[Round "1"]
[White "flanny"]
[Black "thw"]
[Result "0-1"]
[WhiteElo "1759"]
[BlackElo "1797"]

1. e3 e5 2. Nc3 d5 3. d4 e4 4. h3 c6 5. a3 Nf6 6. f3 exf3 7. Nxf3 Bd6 8. Ne5
Bxe5 9. dxe5 Nfd7 10. g4 Nxe5 11. Bg2 O-O 12. Na4 b6 13. b4 Nc4 14. Qd4 Qh4+ 15.
Kf1 Nd7 16. e4 Ba6 17. Kg1 dxe4 18. Kh2 Nde5 19. Bf4 Nxg4+ 20. Kg1 Nf6 21. Nc3
Rad8 22. Qf2 Qxf2+ 23. Kxf2 Nd5 24. Nxd5 cxd5 25. Rhe1 Rfe8 26. Rad1 Nb2 27. Rd4
Bc4 28. Bc1 Na4 29. Bf1 b5 30. h4 Nc3 31. Re3 f5 32. Rxc3 Rf8 33. Bf4 h6 34. Rg3
Kh7 35. Be5 Rf7 36. h5 f4 37. Rg6 f3 38. Bh3 Re8 39. Be6 Rfe7 40. Bf5 Rxe5 41.
Re6+ Kh8 42. Rxe8+ Rxe8 43. Ke3 Rf8 44. Bh3 f2 45. Rd2 f1=Q 46. Bxf1 Rxf1 47.
Rg2 Rf3+ 48. Kd2 Rxa3 49. Ke1 e3 50. Kd1 Ra1# 0-1

[Event "AUTO-ADV-4483"]
[Site "http://www.queenalice.com/game.php?id=1649151"]
[Date "2021.4.9"]
[Round "1"]
[White "thw"]
[Black "flanny"]
[Result "1-0"]
[WhiteElo "1813"]
[BlackElo "1739"]

1. e4 e5 2. Nf3 Nc6 3. Bb5 a6 4. Bc4 b5 5. Bb3 Na5 6. c3 c5 7. O-O c4 8. Bc2 Bb7
9. d3 d5 10. Nxe5 Bd6 11. Nf3 cxd3 12. Bxd3 dxe4 13. Re1 Ne7 14. Bxe4 Bxe4 15.
Rxe4 O-O 16. Qe2 h6 17. Nbd2 Re8 18. b3 Rc8 19. Bb2 Qd7 20. Re1 Nac6 21. c4 bxc4
22. Nxc4 Bc5 23. Nce5 Nxe5 24. Rxe5 Bd6 25. Re4 Bb4 26. Rxb4 Nd5 27. Qd3 Rxe1+
28. Nxe1 Qe7 29. Re4 Qc5 30. Rc4 Qf8 31. Qxd5 Rd8 32. Qc5 Rd1 33. Qxf8+ Kxf8 34.
Kf1 Rd2 35. Rc2 Rd5 36. g3 g5 37. Rc6 Rd2 38. Rc2 Rd8 39. a3 a5 40. Rc5 Rd2 41.
Bc3 Rd1 42. Rxa5 Rc1 43. Bd2 Rc8 44. b4 f5 45. b5 Rd8 46. b6 Rxd2 47. Rb5 Rd8
48. b7 Rb8 49. a4 Ke7 50. a5 Kd7 51. a6 Kc7 52. Rxf5 Rd8 53. Rc5+ Kb8 54. Rc6 h5
55. Nc2 Rd1+ 56. Ke2 Rb1 57. Rc8+ Ka7 58. Ra8+ 1-0

[Event "AUTO-ADV-4483"]
[Site "http://www.queenalice.com/game.php?id=1649164"]
[Date "2021.4.9"]
[Round "1"]
[White "Wecker"]
[Black "thw"]
[Result "1-0"]
[WhiteElo "1868"]
[BlackElo "1826"]

1. e4 c5 2. g4 d5 3. exd5 Qxd5 4. Nf3 Bxg4 5. Be2 Nf6 6. Nc3 Qd8 7. Rg1 Nc6 8.
d3 e6 9. Be3 b6 10. Qd2 Bd6 11. O-O-O Nd5 12. Rxg4 1-0

[Event "AUTO-ADV-4483"]
[Site "http://www.queenalice.com/game.php?id=1649165"]
[Date "2021.4.9"]
[Round "1"]
[White "thw"]
[Black "Wecker"]
[Result "0-1"]
[WhiteElo "1871"]
[BlackElo "1910"]

1. e4 e5 2. Nf3 Nc6 3. Bb5 Nf6 4. Nc3 a6 5. Bc4 b5 6. Bb3 b4 7. Nd5 Nxe4 8. O-O
d6 9. d4 Be6 10. Ne3 exd4 11. Nxd4 Nxd4 12. Qxd4 Nc5 13. Qxb4 Be7 14. Bxe6 fxe6
15. Qf4 Bf6 16. Ng4 O-O 17. Qc4 Qe7 18. c3 d5 19. Nxf6+ Rxf6 20. Qe2 Rg6 21. c4
c6 22. b4 Ne4 23. c5 a5 24. f3 Qf6 25. Bb2 Nc3 26. Qd2 axb4 27. a3 Qg5 28. Qxg5
Rxg5 29. axb4 Rxa1 30. Bxa1 Ne2+ 31. Kh1 Nf4 32. Re1 Rxg2 33. Be5 Re2 34. Rxe2
Nxe2 0-1

[Event "AUTO-ADV-4483"]
[Site "http://www.queenalice.com/game.php?id=1649174"]
[Date "2021.4.9"]
[Round "1"]
[White "thw"]
[Black "marcoswerneck"]
[Result "0-1"]
[WhiteElo "1837"]
[BlackElo "1891"]

1. e4 e5 2. Nf3 d6 3. h3 a6 4. Bc4 h6 5. O-O Nc6 6. d4 Be7 7. dxe5 Nxe5 8. Nxe5
dxe5 9. Nc3 Qxd1 10. Rxd1 Nf6 11. f3 Bd7 12. Be3 O-O-O 13. a3 g5 14. Bxf7 Bc6
15. Nd5 Nxd5 16. Bxd5 Bd7 17. c4 h5 18. b4 g4 19. fxg4 hxg4 20. hxg4 Bxg4 21.
Rf1 Rh7 22. Rad1 Rdh8 23. Rf7 Bxd1 0-1

[Event "AUTO-ADV-4483"]
[Site "http://www.queenalice.com/game.php?id=1649175"]
[Date "2021.4.9"]
[Round "1"]
[White "marcoswerneck"]
[Black "thw"]
[Result "1/2-1/2"]
[WhiteElo "1893"]
[BlackElo "1823"]

1. e4 c5 2. d3 d5 3. Be2 dxe4 4. dxe4 Qxd1+ 5. Bxd1 Nc6 6. Nf3 Bg4 7. h3 Bxf3 8.
Bxf3 Ne5 9. Be2 e6 10. Bb5+ Ke7 11. b3 Nf6 12. Bb2 Ned7 13. Bd3 g6 14. Nd2 Bg7
15. O-O Rhd8 16. Nf3 Nh5 17. Bxg7 Nxg7 18. c4 Nf6 19. e5 Nfe8 20. Be4 Rab8 21.
Ng5 h6 22. Nf3 Rd7 23. a3 b6 24. b4 Rc7 25. b5 Rd8 26. a4 Rcd7 27. a5 f5 28.
exf6+ Kxf6 29. axb6 axb6 30. Ra8 Rxa8 31. Bxa8 Nf5 32. Bc6 Rd8 33. Bxe8 Rxe8 34.
Rd1 e5 35. g4 Nd4 36. Kg2 Nc2 37. Rd6+ Re6 38. Rd8 e4 39. Ng1 Na3 40. Rh8 Kg7
41. Rd8 Nxc4 42. Ne2 g5 43. Ng3 e3 44. fxe3 Nxe3+ 45. Kf2 Nc4 46. Nf5+ Kh7 47.
Rd7+ Kg6 48. h4 gxh4 49. Nxh4+ Kg5 50. Kg3 Re3+ 51. Nf3+ Rxf3+ 52. Kg2 Rb3 53.
Rg7+ Kh4 54. Rg6 Rxb5 55. Rxh6+ Kxg4 56. Rh8 Rb2+ 57. Kg1 Ne3 58. Rg8+ Kf3 59.
Rf8+ Ke2 60. Rf2+ Kd1 61. Rxb2 Nd5 62. Kf2 c4 63. Rb5 c3 64. Rxd5+ Kc1 65. Ke2
c2 66. Rb5 1/2-1/2

[Event "AUTO-ADV-4499"]
[Site "http://www.queenalice.com/game.php?id=1759668"]
[Date "2021.5.16"]
[Round "1"]
[White "lelugri"]
[Black "thw"]
[Result "1-0"]
[WhiteElo "1691"]
[BlackElo "1818"]

1. c4 c5 2. Nc3 Nc6 3. Nf3 Nf6 4. g3 g6 5. Bg2 Bg7 6. O-O O-O 7. e3 a6 8. d4
cxd4 9. exd4 d6 10. d5 Ne5 11. Nxe5 dxe5 12. Re1 Nd7 13. Qc2 Qc7 14. b3 Nc5 15.
Bb2 Bf5 16. Ne4 e6 17. dxe6 fxe6 18. Rac1 Rad8 19. Qe2 Nxe4 20. Bxe4 Rd7 21.
Bxf5 exf5 22. Bxe5 Bxe5 23. Qxe5 Qd8 24. c5 Rd5 25. Qe6+ Rf7 26. Qe8+ Qxe8 27.
Rxe8+ Kg7 28. c6 bxc6 29. Ra8 a5 30. Rxc6 Rfd7 31. Rca6 Rd2 32. Rxa5 Rc2 33.
R8a7 1-0

[Event "AUTO-ADV-4499"]
[Site "http://www.queenalice.com/game.php?id=1759669"]
[Date "2021.5.16"]
[Round "1"]
[White "thw"]
[Black "lelugri"]
[Result "1-0"]
[WhiteElo "1801"]
[BlackElo "1712"]

1. e4 c5 2. Nf3 d6 3. d4 cxd4 4. Nxd4 Nf6 5. Nc3 Nc6 6. Nxc6 bxc6 7. Bg5 e5 8.
Bc4 Be7 9. O-O O-O 10. h3 Be6 11. Bxe6 fxe6 12. f3 d5 13. exd5 exd5 14. b3 Qb6+
15. Kh1 d4 16. Ne4 h6 17. Nxf6+ Bxf6 18. Bxf6 Rxf6 19. Re1 Re8 20. Qd3 c5 21.
Re4 Rc6 22. Rae1 Rce6 23. Qc4 Kh8 24. f4 Qd6 25. fxe5 Rxe5 26. Rxe5 Rxe5 27.
Rxe5 Qxe5 28. Qd3 Qe3 29. Qxe3 dxe3 30. Kg1 Kh7 31. Kf1 Kg6 32. Ke2 Kf5 33. Kxe3
Ke5 34. c4 Kf5 35. Kf3 Ke5 36. Ke3 1-0

[Event "AUTO-ADV-4499"]
[Site "http://www.queenalice.com/game.php?id=1759684"]
[Date "2021.5.16"]
[Round "1"]
[White "thw"]
[Black "BobFicha"]
[Result "1-0"]
[WhiteElo "1826"]
[BlackElo "2017"]

1. e4 e5 2. Nf3 d6 3. h3 Be6 4. c3 Nf6 5. d3 h6 6. Be2 c6 7. Be3 d5 8. exd5 Qxd5
9. O-O Qb5 10. Qc2 Nbd7 11. d4 Bc4 12. Bxc4 Qxc4 13. Nbd2 Qe6 14. dxe5 Nxe5 15.
Rfe1 Bd6 16. Bf4 Nfd7 17. Nxe5 Nxe5 18. Bxe5 Bxe5 19. f4 O-O-O 20. Rxe5 Qd6 21.
Nc4 Qf6 22. Qf2 b6 23. Rae1 c5 24. Qf3 Kc7 25. Re7+ Rd7 26. Rxd7+ Kxd7 27. Qb7+
Kd8 28. Qb8+ Kd7 29. Qxh8 Qxf4 30. Qe8+ 1-0

[Event "AUTO-ADV-4499"]
[Site "http://www.queenalice.com/game.php?id=1759685"]
[Date "2021.5.16"]
[Round "1"]
[White "BobFicha"]
[Black "thw"]
[Result "1-0"]
[WhiteElo "1957"]
[BlackElo "1811"]

1. e4 c5 2. Nc3 g6 3. g3 Bg7 4. Nge2 Nc6 5. Bg2 Nf6 6. d3 O-O 7. Be3 d6 8. Qd2
a6 9. d4 cxd4 10. Nxd4 Nxd4 11. Bxd4 Bd7 12. O-O Rc8 13. Nd5 Bc6 14. Nxf6+ Bxf6
15. Bxf6 exf6 16. Rfe1 Re8 17. b3 f5 18. exf5 g5 19. Rxe8+ 1-0

[Event "AUTO-ADV-4499"]
[Site "http://www.queenalice.com/game.php?id=1759686"]
[Date "2021.5.16"]
[Round "1"]
[White "thw"]
[Black "NickThorp"]
[Result "1-0"]
[WhiteElo "1812"]
[BlackElo "1570"]

1. e4 e5 2. Nf3 Nc6 3. Bb5 a6 4. Bc4 Bc5 5. O-O Nf6 6. Nc3 O-O 7. Nxe5 Nxe5 8.
d4 Nxc4 9. dxc5 d6 10. cxd6 Nxd6 11. e5 Nc4 12. exf6 Qxf6 13. Re1 Nd6 14. Nd5
Qg6 15. Ne7+ 1-0

[Event "AUTO-ADV-4499"]
[Site "http://www.queenalice.com/game.php?id=1759687"]
[Date "2021.5.16"]
[Round "1"]
[White "NickThorp"]
[Black "thw"]
[Result "0-1"]
[WhiteElo "1541"]
[BlackElo "1857"]

1. e4 c5 2. Nf3 d6 3. Bb5+ Bd7 4. Bxd7+ Nxd7 5. d3 h6 6. Nc3 Ngf6 7. Nd5 Nxd5 8.
exd5 Nf6 9. Be3 Nxd5 10. O-O Nxe3 11. fxe3 e6 12. e4 Be7 13. c4 O-O 14. Qb3 b6
15. a4 Qd7 16. e5 d5 17. cxd5 exd5 18. d4 cxd4 19. Nxd4 Bc5 20. Rad1 Qg4 21. h3
Bxd4+ 22. Kh1 Qh4 23. Qxd5 Bxb2 24. e6 fxe6 25. Qxe6+ Kh8 26. Rxf8+ Rxf8 27. Qd6
Qf4 28. Qxf4 Rxf4 29. Rd7 Be5 30. g4 Rxa4 31. Kg2 b5 32. Kf3 a5 33. Rd5 Ra3+ 34.
Kg2 Bf6 35. Rxb5 Ra1 36. Rb8+ Kh7 37. Ra8 a4 38. Kf2 a3 39. Ke2 a2 40. Kd2 Rh1
41. Rxa2 Rh2+ 0-1

[Event "AUTO-ADV-4515"]
[Site "http://www.queenalice.com/game.php?id=1763214"]
[Date "2021.6.28"]
[Round "1"]
[White "Bigchess"]
[Black "thw"]
[Result "0-1"]
[WhiteElo "1815"]
[BlackElo "1837"]

1. e4 c5 2. Nf3 d6 3. d3 h6 4. Nc3 Nc6 5. Be2 Nf6 6. Be3 e6 7. a3 Be7 8. O-O O-O
9. Rb1 a6 10. d4 cxd4 11. Nxd4 Qc7 12. f4 b5 13. Kh1 Bb7 14. Bf3 Rac8 15. Nce2
Rfd8 16. Ng3 Nxd4 17. Bxd4 Qxc2 18. Qe1 Rc4 19. Bc3 Bxe4 20. Bxf6 Bxf3 21. Rf2
Bxg2+ 22. Kxg2 Qg6 23. Bxe7 Rd7 24. f5 exf5 25. Kh1 f4 0-1

[Event "AUTO-ADV-4515"]
[Site "http://www.queenalice.com/game.php?id=1763215"]
[Date "2021.6.28"]
[Round "1"]
[White "thw"]
[Black "Bigchess"]
[Result "1-0"]
[WhiteElo "1834"]
[BlackElo "1825"]

1. e4 d6 2. d4 e6 3. Nf3 Nf6 4. Bd3 Be7 5. Be3 Nc6 6. c3 O-O 7. h3 b6 8. O-O Bb7
9. Nbd2 a5 10. a4 Ba6 11. Bxa6 Rxa6 12. Bf4 Ra8 13. e5 dxe5 14. Nxe5 Nxe5 15.
Bxe5 Nd5 16. Nf3 Bf6 17. Bxf6 Qxf6 18. Ne5 Rad8 19. Qg4 Ne7 20. f4 Ng6 21. Nxg6
hxg6 22. Rfe1 Qf5 23. Qxf5 exf5 24. Re7 Rfe8 25. Rae1 Rxe7 26. Rxe7 Rc8 27. Kf2
Kf8 28. Rd7 Ke8 29. Rd5 Ke7 30. Re5+ Kd6 31. Kf3 f6 32. Re3 c6 33. b4 axb4 34.
cxb4 Rc7 35. a5 bxa5 36. bxa5 Ra7 37. Ra3 c5 38. Ke3 cxd4+ 39. Kxd4 g5 40. a6
Kc6 41. g3 gxf4 42. gxf4 Rd7+ 43. Kc4 Kb6 44. a7 Rxa7 45. Rxa7 Kxa7 46. Kd5 Kb7
47. Ke6 Kc7 48. Kxf5 Kc6 49. Kg6 Kd6 50. Kxg7 Ke6 51. Kg6 1-0

[Event "AUTO-ADV-4515"]
[Site "http://www.queenalice.com/game.php?id=1763226"]
[Date "2021.6.28"]
[Round "1"]
[White "andrevillares"]
[Black "thw"]
[Result "1-0"]
[WhiteElo "1799"]
[BlackElo "1852"]

1. d4 d5 2. c4 e6 3. Nc3 Nf6 4. Bg5 Nbd7 5. e3 Be7 6. Nf3 O-O 7. Rc1 dxc4 8.
Bxc4 h6 9. Bh4 Nb6 10. Bd3 Nfd5 11. Bxe7 Qxe7 12. O-O c6 13. e4 Nxc3 14. bxc3 c5
15. e5 cxd4 16. cxd4 Nd5 17. Qd2 Bd7 18. Rc2 Rfc8 19. Rb1 Rxc2 20. Bxc2 b6 21.
Qd3 g6 22. Qd2 Rc8 23. h3 Nc3 24. Ra1 Qb4 25. Bd3 Nd5 26. Qxh6 Qb2 27. Rb1 Qxa2
28. Ng5 1-0

[Event "AUTO-ADV-4515"]
[Site "http://www.queenalice.com/game.php?id=1763227"]
[Date "2021.6.28"]
[Round "1"]
[White "thw"]
[Black "andrevillares"]
[Result "0-1"]
[WhiteElo "1860"]
[BlackElo "1679"]

1. e4 c6 2. d4 d5 3. Nc3 dxe4 4. Nxe4 Bf5 5. Ng3 Bg6 6. Nf3 Nf6 7. Bd3 Bxd3 8.
Qxd3 e6 9. O-O Be7 10. Bg5 O-O 11. Rfe1 Nbd7 12. Rad1 h6 13. Bxf6 Nxf6 14. Ne4
Qd5 15. Nxf6+ Bxf6 16. c3 Rad8 17. b3 c5 18. Qe4 cxd4 19. Qxd5 Rxd5 20. cxd4
Rfd8 21. h3 e5 0-1

[Event "AUTO-ADV-4515"]
[Site "http://www.queenalice.com/game.php?id=1763234"]
[Date "2021.6.28"]
[Round "1"]
[White "thw"]
[Black "ootomm"]
[Result "1-0"]
[WhiteElo "1828"]
[BlackElo "1761"]

1. e4 e5 2. Nf3 Nc6 3. Bb5 Nf6 4. Nc3 d6 5. O-O Bd7 6. Re1 Be7 7. d4 exd4 8.
Nxd4 Nxd4 9. Bxd7+ Qxd7 10. Qxd4 c5 11. Qd3 O-O 12. Bg5 Rfe8 13. f3 h6 14. Bf4
Nh5 15. Be3 Bh4 16. Red1 Rad8 17. Bxc5 Re6 18. Bxa7 Nf4 19. Qf1 Qc6 20. Be3 Rg6
21. Bxf4 Qb6+ 22. Kh1 Qxb2 23. Nd5 Qxc2 24. a4 Bf6 25. Nxf6+ Rxf6 26. Be3 Qb3
27. e5 Rg6 28. exd6 Qe6 29. Qd3 Rxd6 30. Qa3 Rc6 31. a5 Qe5 32. Rac1 Ra6 33. Qc5
Qxc5 34. Rxc5 Rgc6 35. Rxc6 Rxc6 36. Bb6 Kh7 37. h3 f5 38. Rd7 Rc1+ 39. Kh2 Kg6
40. Rxb7 Ra1 41. Kg3 Ra2 42. Rb8 Kh5 43. Ra8 g5 44. a6 f4+ 45. Kh2 Rb2 46. Rb8
Kh4 47. a7 h5 48. a8=Q 1-0

[Event "AUTO-ADV-4515"]
[Site "http://www.queenalice.com/game.php?id=1763235"]
[Date "2021.6.28"]
[Round "1"]
[White "ootomm"]
[Black "thw"]
[Result "1-0"]
[WhiteElo "1696"]
[BlackElo "1850"]

1. e4 c5 2. Nf3 d6 3. Nc3 Nf6 4. Bb5+ Bd7 5. d4 cxd4 6. Nxd4 a6 7. Be2 g6 8. Be3
Bg7 9. Qd2 O-O 10. f4 Nc6 11. O-O-O Rc8 12. g4 b5 13. g5 Ne8 14. Rhg1 Nc7 15. f5
b4 16. Na4 a5 17. Nb6 Rb8 18. Nd5 Nxd5 19. Nxc6 Bxc6 20. exd5 Bb5 21. Bxb5 Rxb5
22. a4 bxa3 23. b3 a2 24. Bd4 Qc7 25. Kb2 a4 26. Kxa2 axb3+ 27. cxb3 Ra8+ 28.
Kb2 Bxd4+ 29. Qxd4 Qc5 30. Qxc5 Rxc5 31. fxg6 hxg6 32. Rge1 Kf8 33. b4 Rc4 34.
Kb3 Rac8 35. Rd3 Rg4 36. Rde3 Rc7 37. b5 Rxg5 38. Rd1 Rc5 39. Kb4 Rcxd5 40. Rxd5
Rxd5 41. b6 1-0